|
|
|
|
| LEADER |
02073nam a2200577 4500 |
| 001 |
ocn903899790 |
| 003 |
OCoLC |
| 005 |
20170124070754.7 |
| 006 |
m o d |
| 007 |
cr cnu|||unuuu |
| 008 |
150223s2015 gw o 001 0 eng d |
| 040 |
|
|
|a N$T
|b eng
|e rda
|e pn
|c N$T
|d N$T
|d DG1
|d OCLCF
|d IDEBK
|d OCL
|d DG1
|d GrThAP
|
| 020 |
|
|
|a 9783527694631
|q electronic bk.
|
| 020 |
|
|
|a 3527694633
|q electronic bk.
|
| 020 |
|
|
|a 9783527691340
|q electronic bk.
|
| 020 |
|
|
|a 3527691340
|q electronic bk.
|
| 020 |
|
|
|z 9783527338467
|
| 029 |
1 |
|
|a CHVBK
|b 334091306
|
| 029 |
1 |
|
|a CHBIS
|b 010442473
|
| 029 |
1 |
|
|a NZ1
|b 16078528
|
| 029 |
1 |
|
|a DEBBG
|b BV042991312
|
| 035 |
|
|
|a (OCoLC)903899790
|
| 043 |
|
|
|a e-gx---
|
| 050 |
|
4 |
|a Q127.G3
|
| 072 |
|
7 |
|a BUS
|x 070000
|2 bisacsh
|
| 082 |
0 |
4 |
|a 338.94306
|2 23
|
| 049 |
|
|
|a MAIN
|
| 100 |
1 |
|
|a Maier, Helmut,
|e author.
|
| 245 |
1 |
0 |
|a Chemiker im "Dritten Reichʺ :
|b die Deutsche Chemische Gesellschaft und der Verein Deutscher Chemiker im NS-Herrschaftsapparat /
|c Helmut Maier.
|
| 250 |
|
|
|a 1. Auflage.
|
| 264 |
|
1 |
|a Weinheim :
|b Wiley-VCH :
|b Gesellschaft Deutscher Chemiker,
|c 2015.
|
| 300 |
|
|
|a 1 online resource.
|
| 336 |
|
|
|a text
|b txt
|2 rdacontent
|
| 337 |
|
|
|a computer
|b c
|2 rdamedia
|
| 338 |
|
|
|a online resource
|b cr
|2 rdacarrier
|
| 500 |
|
|
|a Includes index.
|
| 588 |
0 |
|
|a Vendor-supplied metadata.
|
| 611 |
2 |
7 |
|a World War (1939-1945)
|2 fast
|0 (OCoLC)fst01180924
|
| 650 |
|
0 |
|a National socialism and science.
|
| 650 |
|
0 |
|a Science
|z Germany
|x History
|y 20th century.
|
| 650 |
|
0 |
|a World War, 1939-1945
|x Science
|z Germany.
|
| 650 |
|
7 |
|a BUSINESS & ECONOMICS / Industries / General
|2 bisacsh
|
| 650 |
|
7 |
|a National socialism and science.
|2 fast
|0 (OCoLC)fst01033805
|
| 650 |
|
7 |
|a Science.
|2 fast
|0 (OCoLC)fst01108176
|
| 651 |
|
0 |
|a Germany
|x Science
|x History.
|
| 651 |
|
7 |
|a Germany.
|2 fast
|0 (OCoLC)fst01210272
|
| 648 |
|
7 |
|a 1900-1999
|2 fast
|
| 655 |
|
4 |
|a Electronic books.
|
| 655 |
|
7 |
|a History.
|2 fast
|0 (OCoLC)fst01411628
|
| 856 |
4 |
0 |
|u https://doi.org/10.1002/9783527694631
|z Full Text via HEAL-Link
|
| 994 |
|
|
|a 92
|b DG1
|